Littérature - Lauréats du "Prix des libraires". - Statistiques

Statistiques générales
  • Ce quiz a été pris 7 fois
  • Le résultat moyen est 4 sur 71
Statistiques - réponses
HINT HINT ANSWER % Correct
1969 La Nuit des temps René Barjavel
67%
2008 No et moi Delphine de Vigan
50%
2007 L'Élégance du hérisson Muriel Barbery
50%
2010 Des hommes Laurent Mauvignier
33%
1976 Villa Triste Patrick Modiano
33%
2020 Âme brisée Akira Mizubayashi
17%
1971 Kamouraska Anne Hébert
17%
2002 Pars vite et reviens tard Fred Vargas
17%
2003 La Mort du roi Tsongor Laurent Gaudé
17%
1999 La Chambre des officiers Marc Dugain
17%
1973 Le Vent de la nuit Michel del Castillo
17%
2006 L'Attentat Yasmina Khadra
17%
1956 La Bonne Ferte Albert Vidalie
0%
1961 Les Autres Jours Andrée Martinerie
0%
1995 Le Trajet d'une rivière Anne Cuneo
0%
2025 La Petite Bonne Bérénice Pichat
0%
1967 Les Feux de la Chandeleur Catherine Paysan
0%
2017 Trois Saisons d'orage Cécile Coulon
0%
1985 La Mémoire du fleuve Christian Dedet
0%
1979 La Mort viennoise Christiane Singer
0%
1981 Le Garçon sur la colline Claude Brami
0%
1990 Rires d'homme entre deux pluies Claude Duneton
0%
1980 Des grives aux loups Claude Michelet
0%
1972 Abraham de Brooklyn Didier Decoin
0%
2009 Pour vous Dominique Mainard
0%
2024 Ce que je sais de toi Éric Chacour
0%
2005 Korsakov Éric Fottorino
0%
1992 Ayez pitié du cœur des hommes Ève de Castro
0%
2019 Né d'aucune femme Franck Bouysse
0%
1957 Les Mensonges Françoise Mallet-Joris
0%
1993 Attends-moi Françoise Xenakis
0%
2004 Groom François Vallejo
0%
2018 Légende d'un dormeur éveillé Gaëlle Nohant
0%
1959 Deux cents chevaux dorés Georges Bordonove
0%
1960 La Corrida de la victoire Georges Conchon
0%
1970 L'Éternité plus un jour Georges-Emmanuel Clancier
0%
1996 Le Livre de saphir Gilbert Sinoué
0%
2023 Le Soldat désaccordé Gilles Marchand
0%
1984 Le Train du soir Guy Lagorce
0%
1975 Le Médecin de Cordoue Herbert Le Porrier
0%
1994 Nitchevo Isabelle Hausser
0%
1987 La Fuite à Constantinople Jacques Almira
0%
1966 Vie d'un païen Jacques Perry
0%
1965 Le Soleil de Palicorna Jacques Peuchmaurd
0%
1962 La Foi et la Montagne Jean Anglade
0%
1958 Nul ne s'évade Jean Bassan
0%
1998 La Belle Rochelaise Jean-Guy Soumy
0%
1978 La Grâce de Dieu Jean Noli
0%
2000 L'Offrande sauvage Jean-Pierre Milovanoff
0%
1963 Les Cartes du temps José Cabanis
0%
2015 Amours Léonor de Récondo
0%
2022 Blizzard Marie Vingtras
0%
1989 La Croyance des voleurs Michel Chaillou
0%
1955 Les Aristocrates Michel de Saint Pierre
0%
1974 Le Buveur de Garonne Michèle Perrein
0%
1991 Une femme qui ne disait rien Michelle Schuller
0%
2021 Héritage Miguel Bonnefoy
0%
1968 Les Choses de la vie Paul Guimard
0%
1997 Sundborn ou les Jours de lumière Philippe Delerm
0%
2001 Double Vie Pierre Assouline
0%
1964 Le Sable vif Pierre Moinot
0%
1977 Un crime de notre temps Pierre Moustiers
0%
1986 Ellynn Robert Mallet
0%
1983 La Danse du loup Serge Bramly
0%
1982 Les Années-sandwiches Serge Lentz
0%
2016 Il était une ville Thomas B. Reverdy
0%
2014 Kinderzimmer Valentine Goby
0%
2011 Les Trois Saisons de la rage Victor Cohen Hadria
0%
2012 Léna Virginie Deloffre
0%
2013 La Déesse des petites victoires Yannick Grannec
0%
1988 Le Voyageur magnifique Yves Simon
0%
Aucun quiz correspondant
Distribution des résultats
% des personnes avec chaque résultat
Percentile par nombre de réponses
Votre historique - résultats
Vous n’avez pas pris ce quiz